01620nam a2200325 a 450000100060000000300080000600500170001400800410003103500190007204000370009104100130012808200280014110000390016924501140020826000850032230000290040749000600043650000940049650000810059050400290067150502480070065000260094883000170097470000370099171000560102883000530108494200120113799900170114995201280116629441BD-RjUL20211209051419.0140403s19241953enk 000 0 eng u a(BD-RjUL)29526 aCSUdKKPdm.cdEQObengcBD-RjUL1 aenghger a131.3462bFRC V-3 19531 aFreud, Sigmund,d1856-1939.98976510aCollected papers /cSigmund Freud ; authorized translation under the supervision of Joan Rivere.nVOLUME III. aLondon :bHogarth Press and Institute of Psychoanalysis,c1924 [Impression 1953] a607 p. :bill. ;c22 cm.1 aInternational psycho-analytical library ;vno. 7-10, 37 aVol. 3: Authorized translation by Alix and James Strachey; v. 5 edited by James Strachey. aIncludes papers originally collected in Kleiner Schriften zur Neurosenlehre. aIncludes bibliographies.0 av. 1. Early papers. On the history of the psycho-analytic movement.--v. 2. Clinical papers. Papers on technique.--v. 3. Case histories.--v. 4. Papers on metapsychology. Papers on applied psycho-analysis.--v. 5. Miscellaneous papers, 1888-1938. 0aPsychoanalysis989766 0v7 &c.9897731 aRiviere, Joan,d1883-19629897682 aInstitute of Psycho-analysis (Great Britain)988492 0aInternational psycho-analytical library ;989774 2ddccBK c29441d29441 00102ddc40728NFICaRUCLbRUCLcReadingd2014-04-03l0o131.3462 FRC V-3 1953r2014-04-03 00:00:00tC-1w2014-04-03yBK